Small things - Statistics

General Stats
  • This quiz has been taken 20 times
  • The average score is 6 of 10
Answer Stats
Hint Answer % Correct
When fire burn wood it creates _ _ _ Ash
95%
there is a lot on a shore Sand
89%
A rock Pebble
84%
It makes everything in the universe Atom
79%
So many on trees and on the ground leaf
79%
A small country, maybe a microstate? Vatican
63%
It grows on dirt and there is a lot Grass
47%
When it rains, There is a lot of it Rain drop
47%
Everything on a computer is apart of this Pixel
16%
It makes most of a tree Stick
11%
No matching quizzes found
Score Distribution
Percent of People with Each Score
Percentile by Number Answered
Your Score History
You have not taken this quiz